| 000 | 00648nam a2200145Ia 4500 | ||
|---|---|---|---|
| 008 | 151213s9999 xx 000 0 und d | ||
| 100 | _aসম্পাদিত : সৈয়দ আলী আহসান। | ||
| 245 |
_aআধুনিক জার্মান সাহিত্য। _cসম্পাদিত : সৈয়দ আলী আহসান। |
||
| 260 |
_aঢাকা। _bলালন প্রকাশনী। _c1976 |
||
| 300 | _a8687 p. | ||
| 650 | _aBangla | ||
| 650 | _aজার্মান সাহিত্য। | ||
| 700 | _aসম্পাদিত : সৈয়দ আলী আহসান। | ||
| 999 |
_c4473 _d4473 |
||